Every Teammate of Karl-Anthony Towns Quiz - Statistics

General Stats
  • This quiz has been taken 21 times
    3 since last reset
  • The average score is 35 of 118
Answer Stats
GP Answer % Correct
302 Anthony Edwards
100%
284 Jaden McDaniels
100%
139 Jalen Brunson
100%
143 Josh Hart
100%
164 Mikal Bridges
100%
77 Mitchell Robinson
100%
146 Rudy Gobert
100%
26 Andre Miller
50%
360 Andrew Wiggins
50%
1 Anthony Brown
50%
79 Ariel Hukporti
50%
52 Austin Rivers
50%
25 Bryn Forbes
50%
15 C.J. Williams
50%
173 D'Angelo Russell
50%
68 Dario Saric
50%
60 Derrick Rose
50%
365 Gorgui Dieng
50%
41 Guerschon Yabusele
50%
102 Jake Layman
50%
14 James Johnson
50%
138 Jarred Vanderbilt
50%
184 Jaylen Nowell
50%
146 Jeff Teague
50%
16 Jeremy Sochan
50%
39 Jericho Sims
50%
69 Jimmy Butler
50%
72 Jordan Clarkson
50%
242 Jordan McLaughlin
50%
244 Josh Okogie
50%
66 Juan Hernangomez
50%
2 Justin Jackson
50%
67 Keita Bates-Diop
50%
38 Kevin Garnett
50%
148 Kyle Anderson
50%
50 | 51 Landry Shamet
50%
17 Leonard Miller
50%
53 Luka Garza
50%
130 Malik Beasley
50%
91 Mike Conley
50%
105 Miles McBride
50%
69 Mohamed Diawara
50%
27 Monte Morris
50%
75 Nathan Knight
50%
326 Naz Reid
50%
105 Nickeil Alexander-Walker
50%
12 Nikola Pekovic
50%
141 O.G. Anunoby
50%
58 Patrick Beverley
50%
219 Ricky Rubio
50%
70 Robert Covington
50%
192 Shabazz Muhammad
50%
36 Shabazz Napier
50%
38 Shake Milton
50%
152 Taj Gibson
50%
123 Taurean Prince
50%
77 Tayshaun Prince
50%
11 T.J. Warren
50%
37 Troy Brown Jr.
50%
54 Wendell Moore Jr.
50%
129 Zach LaVine
50%
32 Aaron Brooks
0%
70 Adreian Payne
0%
1 A.J. Lawson
0%
9 Allen Crabbe
0%
65 Anthony Tolliver
0%
9 Anton Watson
0%
2 Ashton Hagans
0%
47 Brandon Rush
0%
72 Cameron Payne
0%
19 Cameron Reynolds
0%
1 Chris Silva
0%
83 Cole Aldrich
0%
15 Daishen Nix
0%
33 Damjan Rudez
0%
14 Delon Wright
0%
7 Dillon Jones
0%
23 Ed Davis
0%
4 Greg Monroe
0%
18 Greg Smith
0%
7 Isaiah Canaan
0%
2 Jacob Evans
0%
16 Jacob Toppin
0%
80 Jamal Crawford
0%
13 James Nunnally
0%
14 Jared Terrell
0%
97 Jarrett Culver
0%
34 Jerryd Bayless
0%
5 John Lucas III
0%
27 Jordan Bell
0%
7 Jordan Hill
0%
28 Jose Alvarado
0%
47 Josh Minott
0%
1 Justin Patton
0%
31 Kelan Martin
0%
39 Kevin Martin
0%
25 Kevin McCullar Jr.
0%
78 Kris Dunn
0%
6 Lance Stephenson
0%
35 Leandro Bolmaro
0%
22 Luol Deng
0%
42 Marcus Georges-Hunt
0%
6 MarJon Beauchamp
0%
41 Matt Ryan
0%
5 McKinley Wright IV
0%
1 Mitch Creek
0%
192 Nemanja Bjelica
0%
29 Noah Vonleh
0%
13 Omri Casspi
0%
47 Pacome Dadiet
0%
3 P.J. Tucker
0%
57 Precious Achiuwa
0%
5 Tosan Evbuomwan
0%
33 Treveon Graham
0%
13 Trey Jemison III
0%
103 Tyler Kolek
0%
247 Tyus Jones
0%
No matching quizzes found
Score Distribution
Percent of People with Each Score
Percentile by Number Answered
Your Score History
You have not taken this quiz since the last reset